James Sterba’s New Argument from Evil

This article addresses the main argument in James Sterba’s book, an argument which claims that the existence of a good God is logically incompatible with the evil in the world. I claim to show that his main premise, MEPRI, is implausible and is not a secure foundation for such an argument.

Gespeichert in:  
Bibliographische Detailangaben
1. VerfasserIn: Hasker, William 1935- (Verfasst von)
Medienart: Elektronisch Aufsatz
Sprache:Englisch
Verfügbarkeit prüfen: HBZ Gateway
Fernleihe:Fernleihe für die Fachinformationsdienste
Veröffentlicht: [2021]
In: Religions
Jahr: 2021, Band: 12, Heft: 1
weitere Schlagwörter:B Divine Intervention
B John Hick
B Rights
B Sterba
B problem of evil
Online-Zugang: Volltext (doi)
Volltext (kostenfrei)

MARC

LEADER 00000caa a22000002c 4500
001 1745715460
003 DE-627
005 20221012111955.0
007 cr uuu---uuuuu
008 210126s2021 xx |||||o 00| ||eng c
024 7 |a 10.3390/rel12010021  |2 doi 
035 |a (DE-627)1745715460 
035 |a (DE-599)KXP1745715460 
040 |a DE-627  |b ger  |c DE-627  |e rda 
041 |a eng 
084 |a 0  |2 ssgn 
100 1 |e VerfasserIn  |0 (DE-588)1025833031  |0 (DE-627)724880097  |0 (DE-576)166104396  |4 aut  |a Hasker, William  |d 1935- 
109 |a Hasker, William 1935- 
245 1 0 |a James Sterba’s New Argument from Evil 
264 1 |c [2021] 
336 |a Text  |b txt  |2 rdacontent 
337 |a Computermedien  |b c  |2 rdamedia 
338 |a Online-Ressource  |b cr  |2 rdacarrier 
520 |a This article addresses the main argument in James Sterba’s book, an argument which claims that the existence of a good God is logically incompatible with the evil in the world. I claim to show that his main premise, MEPRI, is implausible and is not a secure foundation for such an argument. 
601 |a Argumentation 
650 4 |a John Hick 
650 4 |a Sterba 
650 4 |a Divine Intervention 
650 4 |a problem of evil 
650 4 |a Rights 
773 0 8 |i Enthalten in  |t Religions  |d Basel : MDPI, 2010  |g 12(2021,1) Artikel 21  |h Online-Ressource  |w (DE-627)665435797  |w (DE-600)2620962-7  |w (DE-576)348219067  |x 2077-1444  |7 nnas 
773 1 8 |g volume:12  |g year:2021  |g number:1 
787 0 8 |i Kommentar in  |a Sterba, James P., 1943 -   |t Sixteen Contributors  |d 2021  |w (DE-627)1764664523 
856 |u https://www.mdpi.com/2077-1444/12/1/21/pdf?version=1610613842  |x unpaywall  |z Vermutlich kostenfreier Zugang  |h publisher [deprecated] 
856 4 0 |u https://www.mdpi.com/2077-1444/12/1/21  |x Verlag  |z kostenfrei  |3 Volltext  |7 0 
856 |u https://doi.org/10.3390/rel12010021  |x doi  |3 Volltext 
951 |a AR 
ELC |a 1 
LOK |0 000 xxxxxcx a22 zn 4500 
LOK |0 001 3842618719 
LOK |0 003 DE-627 
LOK |0 004 1745715460 
LOK |0 005 20210126170223 
LOK |0 008 210126||||||||||||||||ger||||||| 
LOK |0 040   |a DE-Tue135  |c DE-627  |d DE-Tue135 
LOK |0 092   |o n 
LOK |0 852   |a DE-Tue135 
LOK |0 852 1  |9 00 
LOK |0 935   |a ixzs  |a ixzo 
LOK |0 939   |a 26-01-21  |b l01 
OAS |a 1 
ORI |a SA-MARC-ixtheoa001.raw 
REL |a 1 
SUB |a REL